000 00259nam a2200109Ia 4500
008 220204s9999 xx 000 0 und d
082 _a03(540)
_bJAG
245 0 _aEncyclopedia Indica. 2 V
250 _aEd.2
260 _aNew Delhi
_bS Chand
_c1981
942 _cBK
999 _c37330
_d37330